000 00543nam a22001817a 4500
001 BD-DhSAU 10284
003 BD-DhSAU
005 20150627091300.0
008 150627b1988 ii ||||r|||| 000 0 ben d
040 _aBD-DhSAU
082 _222
_a---
_bছফিনা
245 _aছফিনায়ে ছফর /
260 _aকলিকাতা :
_bওয়ার্ল্ড প্রেস,
_c১৯৮৮.
300 _aপৃ. :
_c২১ সেমি
590 _ajoy
650 _aইসলাম ধর্ম
942 _2ddc
_cBOOK
999 _c10284
_d10283